Professeurs de Monster High - Statistiques

Statistiques générales
  • Ce quiz a été pris 17 fois
  • Le résultat moyen est 4 sur 9
Answers on the Grid
Answers color-coded by a green-red scale on the quiz's grid according to % correct below.
Madame Santête
Mr. Rotter
Mr. Tranchant
Mr. Charcuteur
Mr. Invisible
Mr. Loo Zarr
M. Marmiton
Mr. Perdu
Mr. Boucher
Coach Igor
M. Hortimarmot
Mr. Reaper
Mr. Momie
Coach Vahid
Hexiciah Steam
 
Statistiques - réponses
Réponse % Correct
Madame Santête
85%
Mr. Charcuteur
62%
Mr. Rotter
62%
Coach Igor
38%
Hexiciah Steam
31%
M. Hortimarmot
31%
Mr. Perdu
23%
Mr. Loo Zarr
15%
Mr. Momie
8%
Aucun quiz correspondant
Distribution des résultats
% des personnes avec chaque résultat
Percentile par nombre de réponses
Votre historique - résultats
Vous n’avez pas pris ce quiz